000
00219nam a22001217a 4500
040
_c
SY
082
_a
363
100
_a
WILLAM P
245
_a
Environmental
260
_a
RUA
_b
WIL
_c
1997
300
_a
650p.
942
_c
EK
999
_c
9530
_d
9530